Theory of structures
This is a book that every civil engineer needs as part of their library. After having studied structures about 25 years ago and with computer programs of today it is still an important book where fundamental concepts are derived and applied by hand. It is truely a classical text on structural analys...
Zapisane w:
| 1. autor: | |
|---|---|
| Format: | Książka |
| Język: | Undetermined |
| Wydane: |
New York
McGraw-Hill.
1965
|
| Hasła przedmiotowe: | |
| Etykiety: |
Dodaj etykietę
Nie ma etykietki, Dołącz pierwszą etykiete!
|
| Thư viện lưu trữ: | Trung tâm Học liệu Trường Đại học Cần Thơ |
|---|
| LEADER | 00901nam a2200193Ia 4500 | ||
|---|---|---|---|
| 001 | CTU_186180 | ||
| 008 | 210402s9999 xx 000 0 und d | ||
| 082 | |a 624.17 | ||
| 082 | |b T585 | ||
| 100 | |a Timoshenko, Stephen | ||
| 245 | 0 | |a Theory of structures | |
| 245 | 0 | |c S.P. Timoshenko, D.H. Young | |
| 260 | |a New York | ||
| 260 | |b McGraw-Hill. | ||
| 260 | |c 1965 | ||
| 520 | |a This is a book that every civil engineer needs as part of their library. After having studied structures about 25 years ago and with computer programs of today it is still an important book where fundamental concepts are derived and applied by hand. It is truely a classical text on structural analysis written by a pioneer and mechanics expert. | ||
| 650 | |a Structural analysis (Engineering),Phân tích cấu trúc (Kỹ thuật) | ||
| 904 | |i Qhieu | ||
| 980 | |a Trung tâm Học liệu Trường Đại học Cần Thơ | ||